Catálogo de la Biblioteca Horacio González - Universidad Nacional de General Sarmiento

Audaz golpe de los desconocidos de siempre (Registro nro. 54479)

Detalles MARC
000 -CABECERA
campo de control de longitud fija 00981ngm a22002890a 4500
001 - NÚMERO DE CONTROL
campo de control PT17489
003 - IDENTIFICADOR DEL NÚMERO DE CONTROL
campo de control AR-LpoUNG
005 - FECHA Y HORA DE LA ÚLTIMA TRANSACCIÓN
campo de control 20210202000251.0
007 - CAMPO FIJO DE DESCRIPCIÓN FÍSICA--INFORMACIÓN GENERAL
campo de control de longitud fija vd cvaizq
008 - DATOS DE LONGITUD FIJA--INFORMACIÓN GENERAL
campo de control de longitud fija 191001suuuu||||ag |||||||||||||||||ita d
040 ## - FUENTE DE LA CATALOGACIÓN
Centro catalogador/agencia de origen AR-LpoUNG
Lengua de catalogación spa
Centro/agencia transcriptor AR-LpoUNG
Normas de descripción aacr
041 ## - CÓDIGO DE LENGUA
Código de lengua del texto/banda sonora o título independiente ita
044 ## - CÓDIGO DEL PAÍS DE LA ENTIDAD EDITORA/PRODUCTORA
Código MARC del país ag
082 0# - NÚMERO DE LA CLASIFICACIÓN DECIMAL DEWEY
Número de clasificación 857 923desc
100 1# - ENTRADA PRINCIPAL--NOMBRE DE PERSONA
Nombre de persona Loy, Nani
Término indicativo de función/relación dir.
245 10 - MENCIÓN DE TÍTULO
Título Audaz golpe de los desconocidos de siempre
260 ## - PUBLICACIÓN, DISTRIBUCIÓN, ETC.
Lugar de publicación, distribución, etc. Buenos Aires :
Nombre del editor, distribuidor, etc. Tauro Video,
Fecha de publicación, distribución, etc. s. f..
300 ## - DESCRIPCIÓN FÍSICA
Extensión VHS (105 min.) : son., col.
505 0# - NOTA DE CONTENIDO CON FORMATO
Nota de contenido con formato Hecha en 1958. - Elenco: Nino Manfredi, Vittorio Gassman, Renato Salvatore, Claudia Cardinale.
520 ## - SUMARIO, ETC.
Sumario, etc. Un grupo de amigos deciden efectuar un atraco al furgón que transportaba la recaudación de las quinielas italianas. El golpe parece fácil pero causas imprevistas jugarán en el el momento inesperado.
651 #4 - PUNTO DE ACCESO ADICIONAL DE MATERIA--NOMBRE GEOGRÁFICO
Nombre geográfico Italia
653 ## - TÉRMINO DE INDIZACIÓN--NO CONTROLADO
Término no controlado CINE ITALIANO
653 ## - TÉRMINO DE INDIZACIÓN--NO CONTROLADO
Término no controlado COMEDIA
653 ## - TÉRMINO DE INDIZACIÓN--NO CONTROLADO
Término no controlado VIDEOS
905 ## - ELEMENTOS DE DATOS E LOCAL, LDE (RLIN)
a 17489
942 ## - ELEMENTOS DE PUNTO DE ACCESO ADICIONAL (KOHA)
Tipo de ítem Koha Video
Existencias
Estado de retiro Estado de pérdida Estado dañado No para préstamo Código de colección Localización permanente Ubicación/localización actual Fecha de adquisición Total de préstamos Signatura topográfica completa Código de barras Fecha visto por última vez Precio válido a partir de Tipo de ítem Koha
        Colección Cine Biblioteca Universidad Nacional de General Sarmiento Biblioteca Universidad Nacional de General Sarmiento 02/02/2021   857 923desc 00018162 02/02/2021 02/02/2021 Video